Реалізація комунікативної інтенції компліментарних висловлювань в англійській та французькій мовах (Запис № 284167)

МАРК-запис
000 -LEADER
fixed length control field 02215nam a22001577a 4500
041 ## - LANGUAGE CODE
Language code of text/sound track or separate title ukr
080 ## - UNIVERSAL DECIMAL CLASSIFICATION NUMBER
Universal Decimal Classification number 09
090 ## - LOCALLY ASSIGNED LC-TYPE CALL NUMBER (OCLC); LOCAL CALL NUMBER (OCLC)
Local cutter number (OCLC) ; Book number/undivided call number, CALL (RLIN) СЕМ
100 ## - MAIN ENTRY--PERSONAL NAME
Personal name Семенишин О.М.
245 ## - TITLE STATEMENT
Title Реалізація комунікативної інтенції компліментарних висловлювань в англійській та французькій мовах
260 ## - PUBLICATION, DISTRIBUTION, ETC. (IMPRINT)
Place of publication, distribution, etc Острог
Name of publisher, distributor, etc КАФ
Date of publication, distribution, etc 2009
300 ## - PHYSICAL DESCRIPTION
Extent 90
520 ## - SUMMARY, ETC.
Summary, etc ВСТУП<br/>РОЗДІЛ 1 КАТЕГОРІЯ МОВЛЕННЄВОГО ЕТИКЕТУ В АСПЕКТІ МІЖКУЛЬТУРНОЇ КОМУНІКАЦІЇ.<br/>1.1 Сутність та проблеми міжкультурної комунікації.<br/>1.2 Структурні та функціональні аспекти мовленнєвого етикету.<br/>1.3 Мовленнєвий акт компліменту як складова мовленнєвого етикету.<br/>РОЗДІЛ 2 РЕАЛІЗАЦІЯ КОМУНІКАТИВНОЇ ІНТЕНЦІЇ КОМПЛІМЕНТАРНИХ ВИСЛОВЛЮВАНЬ В АНГЛІЙСЬКІЙ МОВІ<br/>2.1 Соціокультурна специфіка вживання компліменту в англійській та французькій комунікативних культурах.<br/>2.2 Лексичні та стилістичні особливості компліментарних висловлювань в англійській та французькій мовах.<br/>2.3 Прагматичний аспект компліменту в англійській та французькій мовах.<br/>2.3.1 Іллокутивний потенціал компліментарних висловлювань в англійській та французькій мовах.<br/>2.3.2 Комплімент як перлокутивний акт.<br/>2.3.3 Комплімент як соціальна дія.<br/>2.4 Відповідь на комплімент як показник успішності мовленнєвого акту компліменту.<br/>ВИСНОВКИ
-- мовленнєвий етикет,комунікативна інтенція,
650 ## - SUBJECT ADDED ENTRY--TOPICAL TERM
Topical term or geographic name as entry element Research Papers
942 ## - ADDED ENTRY ELEMENTS (KOHA)
Koha item type Книги
Фонди
Withdrawn status Lost status Source of classification or shelving scheme Damaged status Not for loan Home library Current library Date acquired Source of acquisition Cost, normal purchase price Total Checkouts Full call number Barcode Date last seen Price effective from Koha item type
    Universal Decimal Classification     ВІЛ - Відділ іноземн. літератури НБ ВІЛ - Відділ іноземн. літератури НБ 16/04/2009 Акт №1 1.00   09 213478 20/12/2021 16/04/2009 Книги